[Event "Qatar Masters Open 2015"]
[Site "Doha QAT"]
[Date "2015.12.27"]
[Round "7.54"]
[White "Neelotpal, Das"]
[Black "Bivol, Alina"]
[Result "1-0"]
[WhiteElo "2475"]
[BlackElo "2344"]
[PlyCount "107"]
[EventDate "2015.12.20"]
[EventType "swiss"]
[EventRounds "9"]
[EventCountry "QAT"]
[Source "lmi"]
[SourceDate "2015.12.20"]

1. e4 e6 2. d4 d5 3. Nd2 Nf6 4. e5 Nfd7 5. Bd3 c5 6. c3 Nc6 7. Ne2 cxd4 8. cxd4
f6 9. exf6 Qxf6 10. Nf3 h6 11. O-O Bd6 12. Bc2 O-O 13. a3 Rd8 14. Ng3 Nf8 15.
Re1 Bd7 16. Ne5 Be8 17. f4 Rac8 18. Be3 Qh4 19. Rf1 Ne7 20. Bd3 Rc7 21. Qd2 a6
22. f5 exf5 23. Rf4 Qf6 24. Nxf5 Nxf5 25. Bxf5 Bxe5 26. dxe5 Qc6 27. Qa5 d4 28.
Rxd4 Rxd4 29. Bxd4 Rf7 30. Bd3 Rf4 31. Qc3 Rg4 32. g3 Ne6 33. Qxc6 Bxc6 34. Bc3
Ng5 35. e6 Ne4 36. Be5 Nc5 37. Bf5 Rg5 38. g4 g6 39. h4 Rxf5 40. gxf5 gxf5 41.
e7 Kf7 42. Rd1 Ne4 43. Rd8 Kxe7 44. Rh8 Nd2 45. Kf2 Nc4 46. Bc3 f4 47. Rxh6 Ne3
48. Rg6 Be4 49. Rg5 Kf7 50. h5 Nd1+ 51. Ke1 Nxc3 52. bxc3 Kf6 53. Rg1 Bf5 54.
Kf2 1-0

[Event "Qatar Masters Open 2015"]
[Site "Doha QAT"]
[Date "2015.12.27"]
[Round "7.55"]
[White "Abdusattorov, Nodirbek"]
[Black "Lorparizangeneh, Shahin"]
[Result "1-0"]
[WhiteElo "2429"]
[BlackElo "2454"]
[PlyCount "123"]
[EventDate "2015.12.20"]
[EventType "swiss"]
[EventRounds "9"]
[EventCountry "QAT"]
[Source "lmi"]
[SourceDate "2015.12.20"]

1. e4 c6 2. d4 d5 3. Nc3 dxe4 4. Nxe4 Bf5 5. Ng3 Bg6 6. h4 h6 7. Nf3 e6 8. Ne5
Bh7 9. Bd3 Bxd3 10. Qxd3 Nd7 11. f4 Bb4+ 12. Bd2 Bxd2+ 13. Qxd2 Ngf6 14. O-O-O
O-O 15. Qe2 Qa5 16. Kb1 Rad8 17. Qf3 Qd5 18. Qe2 b5 19. Rd3 a5 20. Rhd1 Nb6 21.
f5 Rfe8 22. Qf2 Nc4 23. b3 Nd6 24. fxe6 Rxe6 25. Ne2 Nde4 26. Qf3 Re7 27. Nf4
Qd6 28. Nh5 Rc8 29. Nxf6+ Nxf6 30. g4 Nd5 31. g5 b4 32. Rf1 Nc3+ 33. Kc1 Rcc7
34. a4 Qd5 35. Qg4 Qe6 36. Qh5 c5 37. gxh6 Qxh6+ 38. Qxh6 gxh6 39. Ng4 cxd4 40.
Nxh6+ Kh7 41. Nf5 Re4 42. Nd6 Re2 43. Nc4 Rh2 44. Rd2 Rxh4 45. Nxa5 Kg8 46.
Rg2+ Kh7 47. Nc4 Nxa4 48. bxa4 Rxc4 49. Rxf7+ Kh6 50. Kb2 Rc3 51. Rf6+ Kh7 52.
Rd6 Ra3 53. Re2 Re3 54. Rxd4 Rxd4 55. Rxe3 Kg6 56. Rf3 Rd1 57. Rf4 Kg5 58. Rxb4
Kf5 59. Rb8 Ke6 60. Rb3 Rd4 61. Re3+ Kf5 62. Kb3 1-0

[Event "Qatar Masters Open 2015"]
[Site "Doha QAT"]
[Date "2015.12.27"]
[Round "7.56"]
[White "Dai, Changren"]
[Black "Kashlinskaya, Alina"]
[Result "0-1"]
[WhiteElo "2328"]
[BlackElo "2448"]
[PlyCount "130"]
[EventDate "2015.12.20"]
[EventType "swiss"]
[EventRounds "9"]
[EventCountry "QAT"]
[Source "lmi"]
[SourceDate "2015.12.20"]

1. e4 e6 2. d4 d5 3. Nc3 Nf6 4. e5 Nfd7 5. f4 c5 6. Nf3 Nc6 7. Be3 Be7 8. Qd2
O-O 9. dxc5 Nxc5 10. O-O-O a6 11. Qf2 b6 12. Kb1 Qc7 13. Bd3 Bd7 14. Ne2 Nb4
15. Ned4 b5 16. Qd2 Ne4 17. Qe1 Rfc8 18. g4 Rab8 19. f5 Qa5 20. a3 Nc3+ 21.
bxc3 Na2 22. Nb3 Qxa3 23. fxe6 Nxc3+ 24. Qxc3 Rxc3 25. exd7 Rxb3+ 26. cxb3
Qxb3+ 27. Ka1 Bb4 28. Bd4 Bc3+ 29. Bxc3 Qxc3+ 30. Ka2 b4 31. Nd4 b3+ 32. Kb1
Qa5 33. Kb2 Qa2+ 34. Kc3 Qa4 35. d8=Q+ Rxd8 36. Nxb3 d4+ 37. Kb2 Qb4 38. Rc1
Rb8 39. Bc4 a5 40. Rhd1 a4 41. Rxd4 Qe7 42. e6 fxe6 43. Re1 Qa7 44. Red1 Qb6
45. Rd6 Qf2+ 46. R1d2 Qf6+ 47. Kb1 Kf8 48. Rd1 Qg6+ 49. Kb2 axb3 50. Rf1+ Kg8
51. Rf5 Kh8 52. Bxe6 Qh6 53. Rf2 Qe3 54. Rfd2 Qe5+ 55. Kb1 Qe1+ 56. Kb2 Qe5+
57. Kb1 Qa5 58. R6d5 Qa8 59. h3 g6 60. R5d3 b2 61. Rxb2 Qh1+ 62. Ka2 Ra8+ 63.
Kb3 Qe4 64. Rd6 Rb8+ 65. Ka3 Qa8+ 0-1

[Event "Qatar Masters Open 2015"]
[Site "Doha QAT"]
[Date "2015.12.27"]
[Round "7.57"]
[White "Vogel, Roven"]
[Black "Goriatchkin, Jouri"]
[Result "1-0"]
[WhiteElo "2439"]
[BlackElo "2318"]
[PlyCount "63"]
[EventDate "2015.12.20"]
[EventType "swiss"]
[EventRounds "9"]
[EventCountry "QAT"]
[Source "lmi"]
[SourceDate "2015.12.20"]

1. e4 e6 2. d4 d5 3. Bd3 Nf6 4. e5 Nfd7 5. Nf3 c5 6. c3 Nc6 7. Be3 Qb6 8. Qd2
f6 9. exf6 Nxf6 10. O-O c4 11. Bxc4 dxc4 12. d5 Qb5 13. dxc6 Qxc6 14. Qe2 b5
15. a4 bxa4 16. Nd4 Qa6 17. Nd2 Bd7 18. Bg5 Rc8 19. Rfe1 Kf7 20. b4 h6 21. b5
Qd6 22. Bxf6 gxf6 23. Qh5+ Kg7 24. Ne4 Qd5 25. Qg4+ Kf7 26. Rad1 h5 27. Qf3 Rh6
28. Nxe6 Qxb5 29. Nxf8 Kxf8 30. Nxf6 Bc6 31. Qf4 Rg6 32. Qd6+ 1-0

[Event "Qatar Masters Open 2015"]
[Site "Doha QAT"]
[Date "2015.12.27"]
[Round "7.58"]
[White "Padmini, Rout"]
[Black "Derakhshani, Dorsa"]
[Result "0-1"]
[WhiteElo "2437"]
[BlackElo "2307"]
[PlyCount "72"]
[EventDate "2015.12.20"]
[EventType "swiss"]
[EventRounds "9"]
[EventCountry "QAT"]
[Source "lmi"]
[SourceDate "2015.12.20"]

1. e4 e5 2. Nf3 Nc6 3. Bb5 a6 4. Ba4 Nf6 5. O-O b5 6. Bb3 Bb7 7. d3 Be7 8. Nc3
d6 9. a4 Na5 10. Ba2 b4 11. Ne2 O-O 12. Ng3 d5 13. Qe2 dxe4 14. dxe4 Bd6 15.
Rd1 Kh8 16. Bd2 Qe8 17. Bg5 Bc8 18. Bxf6 gxf6 19. Bd5 Rb8 20. Nh4 Rg8 21. Nhf5
Bf8 22. b3 Rg6 23. Rd2 Bc5 24. Rad1 Qg8 25. Bc4 Nc6 26. Bxa6 Bxf5 27. exf5 Rg4
28. Kh1 Nd4 29. Qe1 Bb6 30. Bd3 Qg5 31. Be4 Rg8 32. Ra1 Rh4 33. a5 Ba7 34. a6
Qf4 35. Rxd4 Bxd4 36. a7 Bxf2 0-1

[Event "Qatar Masters Open 2015"]
[Site "Doha QAT"]
[Date "2015.12.27"]
[Round "7.59"]
[White "Pratyusha, Bodda"]
[Black "Carlsson, Pontus"]
[Result "0-1"]
[WhiteElo "2260"]
[BlackElo "2433"]
[PlyCount "104"]
[EventDate "2015.12.20"]
[EventType "swiss"]
[EventRounds "9"]
[EventCountry "QAT"]
[Source "lmi"]
[SourceDate "2015.12.20"]

1. d4 Nf6 2. c4 e6 3. Nc3 Bb4 4. Qc2 b6 5. e4 c5 6. d5 Qe7 7. Be2 exd5 8. exd5
Qe4 9. Qxe4+ Nxe4 10. Bd2 Bxc3 11. Bxc3 Nxc3 12. bxc3 d6 13. Bd3 Nd7 14. Nf3
Nf6 15. h3 O-O 16. Kd2 Re8 17. Rhe1 Bd7 18. Ng5 h6 19. Ne4 Nxe4+ 20. Bxe4 f5
21. Bd3 Kf7 22. f4 Kf6 23. Rxe8 Rxe8 24. Re1 Rg8 25. Ke3 g5 26. g3 h5 27. Kf2
h4 28. Rg1 hxg3+ 29. Rxg3 g4 30. Be2 Re8 31. Re3 Rh8 32. Bf1 a6 33. Kg3 b5 34.
h4 Rb8 35. Re1 bxc4 36. Bxc4 a5 37. Bd3 c4 38. Bf1 a4 39. h5 a3 40. Re3 Rc8 41.
h6 Re8 42. Rxe8 Bxe8 43. Bxc4 Ba4 44. h7 Kg7 45. Bd3 Bb3 46. c4 Bxa2 47. c5
dxc5 48. d6 Be6 49. Bc4 Bd7 50. Bg8 c4 51. Bxc4 Kxh7 52. Kf2 Kg7 0-1

[Event "Qatar Masters Open 2015"]
[Site "Doha QAT"]
[Date "2015.12.27"]
[Round "7.60"]
[White "Christiansen, Johan-Sebastian"]
[Black "Vaishali, R."]
[Result "0-1"]
[WhiteElo "2385"]
[BlackElo "2313"]
[PlyCount "102"]
[EventDate "2015.12.20"]
[EventType "swiss"]
[EventRounds "9"]
[EventCountry "QAT"]
[Source "lmi"]
[SourceDate "2015.12.20"]

1. c4 Nf6 2. g3 e5 3. Bg2 d5 4. cxd5 Nxd5 5. Nc3 Nb6 6. e3 Nc6 7. Nge2 Be7 8.
O-O O-O 9. f4 exf4 10. Nxf4 Ne5 11. d4 Ng6 12. Nd3 c6 13. b3 a5 14. h4 Bb4 15.
Ne4 f5 16. Ng5 h6 17. Nxb4 axb4 18. Nf3 Be6 19. Bd2 Qd6 20. Qe1 Nd5 21. h5 Nge7
22. Ne5 c5 23. Kh2 Nf6 24. Bxb7 Rab8 25. Bf3 Bd5 26. Qe2 Bxf3 27. Qxf3 Ne4 28.
Rfd1 cxd4 29. Nc4 Ng5 30. Qg2 Qd5 31. Qxd5+ Nxd5 32. exd4 f4 33. gxf4 Nf3+ 34.
Kg3 Nxd4 35. Rf1 Nf6 36. Rae1 Nxh5+ 37. Kh3 Ra8 38. Bxb4 Nxf4+ 39. Kg4 h5+ 40.
Kg3 Nfe2+ 41. Kh4 Rf3 42. Nd2 Rg3 43. Bc5 Rxa2 44. Rd1 Ne6 45. Bd6 Re3 46. Rf3
N6d4 47. Rf8+ Kh7 48. Nc4 Rxb3 49. Kxh5 Ne6 50. Rf2 Rc3 51. Rd2 Rxc4 0-1

[Event "Qatar Masters Open 2015"]
[Site "Doha QAT"]
[Date "2015.12.27"]
[Round "7.62"]
[White "Piasetski, Leon"]
[Black "Ezat, Mohamed"]
[Result "1/2-1/2"]
[WhiteElo "2287"]
[BlackElo "2490"]
[PlyCount "123"]
[EventDate "2015.12.20"]
[EventType "swiss"]
[EventRounds "9"]
[EventCountry "QAT"]
[Source "lmi"]
[SourceDate "2015.12.20"]

1. Nf3 Nf6 2. c4 g6 3. Nc3 Bg7 4. e4 d6 5. d4 O-O 6. h3 c5 7. d5 a6 8. a4 e6 9.
Bd3 exd5 10. exd5 Re8+ 11. Be3 Nh5 12. O-O f5 13. Re1 Nd7 14. Bg5 Ndf6 15.
Rxe8+ Qxe8 16. Qb3 Qd8 17. Re1 Rb8 18. Bd2 Nd7 19. Ng5 Ne5 20. Be2 Bf6 21. Ne6
Bxe6 22. dxe6 Ng7 23. Bf3 Kh8 24. Bd5 Qe7 25. Qb6 g5 26. Qa7 Re8 27. Qxb7 Qxb7
28. Bxb7 Nxe6 29. Bxa6 Nd4 30. Bb7 Rb8 31. Bd5 Nb3 32. Rd1 Na5 33. Nb5 Nexc4
34. b3 Nxd2 35. Rxd2 Be5 36. g3 Kg7 37. Kg2 h5 38. f4 gxf4 39. gxf4 Bxf4 40.
Rf2 Kf6 41. Rxf4 Ke5 42. b4 Nb7 43. Nc7 Kxf4 44. a5 Nxa5 45. bxa5 Rb2+ 46. Kf1
c4 47. Bxc4 Rc2 48. a6 Rxc4 49. a7 Ra4 50. a8=Q Rxa8 51. Nxa8 Kg3 52. Nb6 Kxh3
53. Nc4 Kg4 54. Nxd6 f4 55. Ne4 h4 56. Kg2 f3+ 57. Kh2 Kf4 58. Nf2 Ke3 59. Ng4+
Ke2 60. Kh3 f2 61. Nxf2 Kxf2 62. Kxh4 1/2-1/2

[Event "Qatar Masters Open 2015"]
[Site "Doha QAT"]
[Date "2015.12.27"]
[Round "7.63"]
[White "Bartel, Marta"]
[Black "Gholami, Aryan"]
[Result "1-0"]
[WhiteElo "2271"]
[BlackElo "2422"]
[PlyCount "93"]
[EventDate "2015.12.20"]
[EventType "swiss"]
[EventRounds "9"]
[EventCountry "QAT"]
[Source "lmi"]
[SourceDate "2015.12.20"]

1. d4 Nf6 2. Nf3 e6 3. c4 c5 4. d5 exd5 5. cxd5 d6 6. Nc3 g6 7. Bf4 a6 8. a4
Bg7 9. h3 O-O 10. e3 Re8 11. Be2 Ne4 12. Nxe4 Rxe4 13. Nd2 Rb4 14. Nc4 Bxb2 15.
O-O Bxa1 16. Qxa1 Nd7 17. e4 Qf6 18. Qc1 Nb6 19. Bg5 Rxc4 20. Bxc4 Qd4 21. Bb3
Nd7 22. Bd2 c4 23. Bc3 Qc5 24. Bc2 b5 25. Qd2 Rb8 26. Rb1 f6 27. Kh2 Qc7 28. f4
Qd8 29. axb5 axb5 30. Ra1 Qb6 31. Bd4 Qc7 32. Qb4 Nc5 33. Bxf6 Na6 34. Qe1 b4
35. e5 b3 36. Be4 Nc5 37. Bf3 Bf5 38. exd6 Qf7 39. Bd4 b2 40. Qe5 Kf8 41. Bxb2
Nd7 42. Qd4 h5 43. Re1 Rxb2 44. Qh8+ Qg8 45. Re8+ Kxe8 46. Qxg8+ Nf8 47. Qg7
1-0

[Event "Qatar Masters Open 2015"]
[Site "Doha QAT"]
[Date "2015.12.27"]
[Round "7.64"]
[White "Haria, Ravi"]
[Black "Li, Ruofan"]
[Result "1-0"]
[WhiteElo "2416"]
[BlackElo "2372"]
[PlyCount "43"]
[EventDate "2015.12.20"]
[EventType "swiss"]
[EventRounds "9"]
[EventCountry "QAT"]
[Source "lmi"]
[SourceDate "2015.12.20"]

1. Nf3 Nf6 2. g3 d5 3. Bg2 c6 4. c4 dxc4 5. O-O Nbd7 6. Na3 Nb6 7. Ne5 Qd4 8.
Nexc4 Nxc4 9. Qa4 Nd5 10. Nxc4 Nc7 11. d3 e6 12. Bf4 Nb5 13. Rac1 f6 14. Be3
Qd8 15. Nb6 Rb8 16. Nxc8 Qxc8 17. d4 Qd7 18. Rfd1 Be7 19. Qb3 Nc7 20. Bxc6 bxc6
21. Qxb8+ Bd8 22. Qxa7 1-0

[Event "Qatar Masters Open 2015"]
[Site "Doha QAT"]
[Date "2015.12.27"]
[Round "7.65"]
[White "Siva, Mahadevan"]
[Black "Konguvel, Ponnuswamy"]
[Result "0-1"]
[WhiteElo "2400"]
[BlackElo "2377"]
[PlyCount "82"]
[EventDate "2015.12.20"]
[EventType "swiss"]
[EventRounds "9"]
[EventCountry "QAT"]
[Source "lmi"]
[SourceDate "2015.12.20"]

1. d4 Nf6 2. c4 g6 3. f3 Bg7 4. e4 d6 5. Nc3 O-O 6. Be3 c5 7. Nge2 Nc6 8. d5
Ne5 9. Ng3 h5 10. Be2 h4 11. Nf1 e6 12. Nd2 exd5 13. cxd5 h3 14. g3 a6 15. a4
Bd7 16. a5 b5 17. axb6 Qxb6 18. Ra2 Qb4 19. Qb3 a5 20. Qc2 c4 21. O-O Rfc8 22.
Rb1 Ne8 23. Bd4 Ng4 24. fxg4 Bxd4+ 25. Kh1 Nf6 26. g5 Ng4 27. Bxg4 Bxg4 28. Ra4
Qb6 29. Rf1 Qa6 30. Nf3 Bg7 31. Qf2 Qa7 32. Qxa7 Rxa7 33. Nd2 Rb7 34. Ra2 Rb4
35. e5 Bxe5 36. Nde4 Rcb8 37. Rf2 Bf5 38. Nf6+ Kg7 39. g4 Bd3 40. Nd7 Bxc3 41.
Nxb8 Rxb8 0-1

[Event "Qatar Masters Open 2015"]
[Site "Doha QAT"]
[Date "2015.12.28"]
[Round "8.14"]
[White "Zhang, Zhong"]
[Black "Bologan, Viktor"]
[Result "1-0"]
[WhiteElo "2619"]
[BlackElo "2654"]
[PlyCount "87"]
[EventDate "2015.12.20"]
[EventType "swiss"]
[EventRounds "9"]
[EventCountry "QAT"]
[Source "lmi"]
[SourceDate "2015.12.20"]

1. e4 e5 2. Nf3 Nc6 3. d4 exd4 4. Nxd4 Bc5 5. Be3 Qf6 6. c3 d6 7. Bb5 Nge7 8.
O-O O-O 9. f4 Nxd4 10. cxd4 Bb6 11. Nc3 c6 12. Ba4 Re8 13. Qd3 d5 14. f5 Nxf5
15. Nxd5 cxd5 16. Bxe8 dxe4 17. Qxe4 Qe6 18. Qxe6 Bxe6 19. Bxf7+ Kxf7 20. g4
Re8 21. a4 Bd7 22. a5 Bxa5 23. Rxa5 Rxe3 24. Rxa7 Rb3 25. Rf2 g6 26. gxf5 Bxf5
27. Ra3 Rb4 28. Rd2 Ke6 29. Ra8 h5 30. Kf2 Rb3 31. Re8+ Kd6 32. Re3 Rb4 33. h4
Rb6 34. Kg3 Rb4 35. Kf4 Rb5 36. Kg5 Ra5 37. Ra3 Rb5 38. Kh6 Kd5 39. Re3 Kd6 40.
Rg3 Kd5 41. Kg7 Rb6 42. Re3 Kd6 43. Kf7 Kd5 44. Ke7 1-0

[Event "Qatar Masters Open 2015"]
[Site "Doha QAT"]
[Date "2015.12.28"]
[Round "8.15"]
[White "Ganguly, Surya Shekhar"]
[Black "Salem, A.R. Saleh"]
[Result "1-0"]
[WhiteElo "2648"]
[BlackElo "2622"]
[PlyCount "87"]
[EventDate "2015.12.20"]
[EventType "swiss"]
[EventRounds "9"]
[EventCountry "QAT"]
[Source "lmi"]
[SourceDate "2015.12.20"]

1. e4 c5 2. Nf3 d6 3. d4 cxd4 4. Nxd4 Nf6 5. Nc3 a6 6. h3 e6 7. g4 Be7 8. g5
Nfd7 9. h4 b5 10. a3 Bb7 11. Be3 Nc6 12. Rg1 Rc8 13. h5 Nce5 14. f4 Nc4 15.
Bxc4 Rxc4 16. Qd2 Nc5 17. b3 Rxc3 18. Qxc3 Nxe4 19. Qb2 Qa5+ 20. b4 Qc7 21. h6
Rg8 22. hxg7 Nc3 23. Ne2 Na4 24. Qd4 e5 25. Qd3 Rxg7 26. f5 f6 27. Ng3 Bf3 28.
g6 d5 29. Bd2 e4 30. Qxd5 Nb6 31. Qe6 hxg6 32. Nxe4 Qh2 33. Nxf6+ Kf8 34. Kf1
Qxd2 35. Re1 Qf4 36. Qxb6 Bg4+ 37. Qf2 Qc4+ 38. Kg2 Bxf6 39. Re6 gxf5 40. Rxf6+
Ke7 41. Rh6 Bf3+ 42. Kh3 Rxg1 43. Qxg1 Bg4+ 44. Kh4 1-0

[Event "Qatar Masters Open 2015"]
[Site "Doha QAT"]
[Date "2015.12.28"]
[Round "8.19"]
[White "Bluebaum, Matthias"]
[Black "Matlakov, Maxim"]
[Result "1/2-1/2"]
[WhiteElo "2590"]
[BlackElo "2684"]
[PlyCount "64"]
[EventDate "2015.12.20"]
[EventType "swiss"]
[EventRounds "9"]
[EventCountry "QAT"]
[Source "lmi"]
[SourceDate "2015.12.20"]

1. d4 d5 2. c4 c6 3. Nf3 Nf6 4. Nc3 dxc4 5. a4 e6 6. e3 c5 7. Bxc4 Nc6 8. O-O
cxd4 9. exd4 Be7 10. Qe2 O-O 11. Rd1 Nb4 12. Bg5 h6 13. Bxf6 Bxf6 14. Ne5 Bd7
15. d5 exd5 16. Nxd5 Nxd5 17. Rxd5 Bxe5 18. Qxe5 Qe8 19. Qxe8 Bxe8 20. Bb5 Rc8
21. Bxe8 Rfxe8 22. Rd7 Rc2 23. Rxb7 Ree2 24. Rf1 Rxb2 25. Rxa7 Ra2 26. g3 g6
27. a5 Re5 28. a6 Rea5 29. Ra8+ Kg7 30. Kg2 Rxa6 31. Rxa6 Rxa6 32. h4 h5
1/2-1/2

[Event "Qatar Masters Open 2015"]
[Site "Doha QAT"]
[Date "2015.12.28"]
[Round "8.22"]
[White "Tregubov, Pavel V"]
[Black "Duda, Jan-Krzysztof"]
[Result "0-1"]
[WhiteElo "2589"]
[BlackElo "2663"]
[PlyCount "130"]
[EventDate "2015.12.20"]
[EventType "swiss"]
[EventRounds "9"]
[EventCountry "QAT"]
[Source "lmi"]
[SourceDate "2015.12.20"]

1. d4 Nf6 2. c4 e6 3. Nf3 b6 4. g3 Ba6 5. Qb3 d5 6. cxd5 Qxd5 7. Qc2 Nc6 8. Nc3
Nb4 9. Qd1 Qf5 10. Bg2 Nc2+ 11. Kf1 O-O-O 12. Nh4 Rxd4 13. Qxd4 Nxd4 14. Nxf5
exf5 15. a3 Nb3 16. Rb1 Bc5 17. Bf3 Re8 18. Kg2 Ne4 19. Bxe4 fxe4 20. Be3 Bxe3
21. fxe3 Nd2 22. Rbc1 Re5 23. Rhd1 Nc4 24. Kf2 Nxb2 25. Rd5 Nc4 26. Rxe5 Nxe5
27. Nxe4 Kd7 28. Rd1+ Ke7 29. Nc3 c6 30. e4 Bc4 31. a4 Ng4+ 32. Kf3 Nxh2+ 33.
Kf4 h6 34. e5 Be6 35. a5 Ng4 36. axb6 axb6 37. Ra1 g5+ 38. Ke4 f5+ 39. exf6+
Nxf6+ 40. Kd3 h5 41. Ra7+ Kd6 42. Ne4+ Nxe4 43. Kxe4 h4 44. gxh4 gxh4 45. Rh7
h3 46. Rh5 c5 47. Kd3 b5 48. e4 b4 49. Ke3 c4 50. Kd2 Ke7 51. Rb5 b3 52. Kc3
Kf6 53. Ra5 Kg6 54. Ra8 Kg5 55. Re8 Bf7 56. Rh8 Bh5 57. Rg8+ Kh4 58. Rg1 h2 59.
Rb1 Bf3 60. Kxc4 Bxe4 61. Re1 Bc2 62. Kc3 Kg3 63. Kd2 Be4 64. Kc3 Kf2 65. Ra1
Bc2 0-1

[Event "Qatar Masters Open 2015"]
[Site "Doha QAT"]
[Date "2015.12.28"]
[Round "8.23"]
[White "Khismatullin, Denis"]
[Black "Ly, Moulthun"]
[Result "1-0"]
[WhiteElo "2654"]
[BlackElo "2462"]
[PlyCount "83"]
[EventDate "2015.12.20"]
[EventType "swiss"]
[EventRounds "9"]
[EventCountry "QAT"]
[Source "lmi"]
[SourceDate "2015.12.20"]

1. c4 Nf6 2. d4 e6 3. Nc3 Bb4 4. e3 O-O 5. Bd3 d5 6. a3 Bxc3+ 7. bxc3 dxc4 8.
Bxc4 c5 9. Ne2 Qc7 10. Ba2 b6 11. O-O Ba6 12. Re1 Nc6 13. Ng3 Rad8 14. Bb2 Na5
15. e4 e5 16. Nf5 Bc4 17. Bc1 Bxa2 18. Rxa2 Ne8 19. Rd2 Nc4 20. Rd3 Ned6 21.
Nxg7 Kxg7 22. Bh6+ Kh8 23. Bxf8 Rxf8 24. dxe5 Ne8 25. Rd5 Nxe5 26. f4 Ng6 27.
g3 Rg8 28. Rd7 Qc6 29. Rxf7 Nf6 30. Qf3 Nh4 31. Qe2 Qe6 32. Rxa7 Qh3 33. Rd1
Ng6 34. Qf1 Qh5 35. e5 Ne4 36. Rd3 c4 37. Re3 Nd2 38. Qe2 Nxf4 39. Qxd2 Nh3+
40. Kg2 Rf8 41. e6 Rf2+ 42. Qxf2 1-0

[Event "Qatar Masters Open 2015"]
[Site "Doha QAT"]
[Date "2015.12.28"]
[Round "8.24"]
[White "Aravindh, Chithambaram VR"]
[Black "Khairullin, Ildar"]
[Result "1-0"]
[WhiteElo "2486"]
[BlackElo "2647"]
[PlyCount "101"]
[EventDate "2015.12.20"]
[EventType "swiss"]
[EventRounds "9"]
[EventCountry "QAT"]
[Source "lmi"]
[SourceDate "2015.12.20"]

1. Nf3 d5 2. g3 g6 3. Bg2 Bg7 4. c4 dxc4 5. Qa4+ Nc6 6. Qxc4 e5 7. O-O Nge7 8.
Nc3 Be6 9. Qa4 O-O 10. d3 h6 11. Be3 Nf5 12. Bc5 Re8 13. e3 Bd7 14. Qc2 a5 15.
Rfd1 b6 16. Ba3 Nb4 17. Qe2 Bc6 18. b3 Re7 19. Rd2 Rd7 20. Rad1 Qe8 21. Ne4
Rad8 22. Ne1 Ne7 23. g4 Ned5 24. Rc1 Bb5 25. h4 c5 26. g5 h5 27. Qf3 Qe7 28.
Rcd1 Nc7 29. Nf6+ Bxf6 30. gxf6 Qd6 31. Bb2 Re8 32. Qg3 Bc6 33. Bh3 Rdd8 34.
Qg5 Bb7 35. f4 exf4 36. e4 Ne6 37. Bxe6 Rxe6 38. Nf3 Qf8 39. Qxf4 Red6 40. Ne5
Ba6 41. Qg5 Kh7 42. d4 cxd4 43. Rg2 Bb7 44. Nxg6 Qh6 45. Qxh6+ Kxh6 46. Ne5
Rxf6 47. Bc1+ Kh7 48. Bg5 Re6 49. Bxd8 Rxe5 50. Rf1 f5 51. Bf6 1-0

[Event "Qatar Masters Open 2015"]
[Site "Doha QAT"]
[Date "2015.12.28"]
[Round "8.25"]
[White "Sethuraman, S.P."]
[Black "Vignesh, N R."]
[Result "1-0"]
[WhiteElo "2639"]
[BlackElo "2422"]
[PlyCount "53"]
[EventDate "2015.12.20"]
[EventType "swiss"]
[EventRounds "9"]
[EventCountry "QAT"]
[Source "lmi"]
[SourceDate "2015.12.20"]

1. d4 Nf6 2. c4 e6 3. Nc3 c5 4. d5 exd5 5. cxd5 d6 6. e4 g6 7. f4 Bg7 8. Bb5+
Nfd7 9. Nf3 O-O 10. O-O a6 11. Bd3 b5 12. a3 c4 13. Bc2 Nc5 14. Be3 Nbd7 15.
Kh1 Re8 16. Bd4 Bxd4 17. Qxd4 Qb6 18. e5 Nd3 19. Bxd3 cxd3 20. Qxd3 dxe5 21.
Rae1 f6 22. fxe5 Nxe5 23. Nxe5 Rxe5 24. Rxe5 fxe5 25. Qf3 Qd8 26. Qf7+ Kh8 27.
Ne4 1-0

[Event "Qatar Masters Open 2015"]
[Site "Doha QAT"]
[Date "2015.12.28"]
[Round "8.26"]
[White "Sasikiran, Krishnan"]
[Black "Li, Di"]
[Result "1/2-1/2"]
[WhiteElo "2638"]
[BlackElo "2389"]
[PlyCount "159"]
[EventDate "2015.12.20"]
[EventType "swiss"]
[EventRounds "9"]
[EventCountry "QAT"]
[Source "lmi"]
[SourceDate "2015.12.20"]

1. d4 Nf6 2. Nf3 g6 3. Bg5 Bg7 4. Nbd2 d5 5. e3 O-O 6. Be2 c6 7. c3 a5 8. O-O
Na6 9. Bd3 Re8 10. Re1 Be6 11. e4 dxe4 12. Nxe4 Nxe4 13. Bxe4 Nc7 14. a4 Nd5
15. Qd2 f6 16. Bh4 Bf7 17. Bg3 Nb6 18. Qc2 Nc4 19. h4 Nd6 20. Bd3 Qc8 21. Re2
c5 22. Bxd6 exd6 23. Rxe8+ Qxe8 24. dxc5 dxc5 25. Bb5 Qe7 26. Re1 Qc7 27. Qe2
Kf8 28. Rd1 Rd8 29. Rxd8+ Qxd8 30. Bc4 Bxc4 31. Qxc4 Qd6 32. g3 Bh6 33. Qe4 Qc6
34. Qxc6 bxc6 35. b3 Bc1 36. Kf1 Bb2 37. c4 Ke7 38. Ke2 Kd6 39. Kd3 Be5 40. h5
Ke6 41. hxg6 hxg6 42. Ne1 f5 43. Ke2 Bd6 44. Kf3 Ke5 45. Ke3 Kf6 46. f4 g5 47.
fxg5+ Kxg5 48. Kf3 Kf6 49. Nd3 Kg5 50. Nf2 Kf6 51. g4 fxg4+ 52. Nxg4+ Kf5 53.
Nh6+ Kg6 54. Ng4 Kf5 55. Nf2 Be7 56. Ne4 Ke5 57. Ke3 Bf8 58. Kd3 Be7 59. Nd2
Bd8 60. Nf3+ Kf4 61. Ng1 Ke5 62. Nh3 Bh4 63. Ke3 Kf5 64. Ng1 Bg5+ 65. Kd3 Be7
66. Nf3 Kf4 67. Nd2 Ke5 68. Nf3+ Kf4 69. Ng1 Ke5 70. Ne2 Bd8 71. Nc3 Bg5 72.
Nb1 Be7 73. Na3 Bg5 74. Nc2 Be7 75. Ne3 Kf4 76. Nd1 Ke5 77. Nc3 Kf4 78. Nb1 Ke5
79. Nd2 Bd8 80. Ne4 1/2-1/2

[Event "Qatar Masters Open 2015"]
[Site "Doha QAT"]
[Date "2015.12.28"]
[Round "8.27"]
[White "Yuffa, Daniil"]
[Black "Piorun, Kacper"]
[Result "0-1"]
[WhiteElo "2504"]
[BlackElo "2637"]
[PlyCount "92"]
[EventDate "2015.12.20"]
[EventType "swiss"]
[EventRounds "9"]
[EventCountry "QAT"]
[Source "lmi"]
[SourceDate "2015.12.20"]

1. Nf3 d5 2. c4 d4 3. b4 Bg4 4. Qb3 Bxf3 5. Qxf3 c6 6. Na3 e5 7. Rb1 Nf6 8. g4
Be7 9. Bg2 O-O 10. d3 a5 11. b5 Bb4+ 12. Kf1 e4 13. dxe4 Re8 14. Bg5 Nbd7 15.
Nc2 Ne5 16. Qb3 Bc3 17. Bf3 a4 18. Qa3 Nxc4 19. Qc5 cxb5 20. Qxb5 Nd6 21. Qd3
h6 22. Bxf6 Qxf6 23. Kg2 h5 24. h3 Rad8 25. Rhd1 hxg4 26. hxg4 Qg5 27. e3 Rxe4
28. exd4 Rxg4+ 29. Bxg4 Qxg4+ 30. Qg3 Qe4+ 31. Kf1 Qxc2 32. Rbc1 Qh7 33. Rxc3
Ne4 34. Qc7 Qh1+ 35. Ke2 Nxc3+ 36. Qxc3 Re8+ 37. Kd2 Qg2 38. Kc1 Qxf2 39. d5
Qf5 40. Kb2 Rc8 41. Qd4 Qc2+ 42. Ka3 b5 43. Rd2 Qc1+ 44. Qb2 Qc5+ 45. Qb4 Qe3+
46. Kb2 a3+ 0-1

[Event "Qatar Masters Open 2015"]
[Site "Doha QAT"]
[Date "2015.12.28"]
[Round "8.29"]
[White "Ma, Zhonghan"]
[Black "Adhiban, B."]
[Result "0-1"]
[WhiteElo "2463"]
[BlackElo "2669"]
[PlyCount "106"]
[EventDate "2015.12.20"]
[EventType "swiss"]
[EventRounds "9"]
[EventCountry "QAT"]
[Source "lmi"]
[SourceDate "2015.12.20"]

1. Nf3 d5 2. d4 Nf6 3. c4 e6 4. Nc3 c6 5. e3 Nbd7 6. Qc2 Bd6 7. Bd3 O-O 8. O-O
dxc4 9. Bxc4 Qe7 10. Rd1 e5 11. Bb3 a5 12. a4 e4 13. Ng5 Bxh2+ 14. Kxh2 Ng4+
15. Kg1 Qxg5 16. Qxe4 Ndf6 17. Qf4 Qh4 18. Qg3 Qxg3 19. fxg3 Re8 20. Re1 Bf5
21. Bd2 Re7 22. Rf1 Bd3 23. Rf3 Rae8 24. Rd1 h5 25. Re1 b6 26. Bc1 c5 27. dxc5
bxc5 28. Nd5 Nxd5 29. Bxd5 Be4 30. Bxe4 Rxe4 31. Rf4 g5 32. Rf5 R8e5 33. Ref1
f6 34. Rxe5 fxe5 35. Bd2 Rxa4 36. Bc3 e4 37. Rd1 Kf7 38. Re1 Ra2 39. Kf1 a4 40.
Ke2 a3 41. Rb1 axb2 42. Rxb2 Rxb2+ 43. Bxb2 Ke6 44. Bg7 Kd5 45. Bf8 Ne5 46. Be7
g4 47. Bf6 Nc6 48. Bg7 Ne7 49. Bh6 Kc4 50. Kd2 Nf5 51. Bf4 Kb3 52. Bc7 c4 53.
Be5 Ne7 0-1